<?xml version="1.0" encoding="UTF-8"?>
<collection xmlns:xsi="http://www.w3.org/2001/XMLSchema-instance" xsi:schemaLocation="http://www.loc.gov/MARC21/slim http://www.loc.gov/standards/marcxml/schema/MARC21slim.xsd" xmlns="http://www.loc.gov/MARC21/slim">
 <record>
  <leader>00000ctm a22000004i 4500</leader>
  <controlfield tag="001">UP-99796217613924651</controlfield>
  <controlfield tag="003">Buklod</controlfield>
  <controlfield tag="005">20221102154704.0</controlfield>
  <controlfield tag="006">m     o  u        </controlfield>
  <controlfield tag="007">ta</controlfield>
  <controlfield tag="008">221102s2019    ph a   grb   |||0 ||eng |</controlfield>
  <datafield tag="035" ind1=" " ind2=" ">
   <subfield code="a">(iLib)UPD-00533071790</subfield>
  </datafield>
  <datafield tag="040" ind1=" " ind2=" ">
   <subfield code="a">DEDUC</subfield>
   <subfield code="e">rda</subfield>
  </datafield>
  <datafield tag="041" ind1="0" ind2=" ">
   <subfield code="a">eng</subfield>
  </datafield>
  <datafield tag="090" ind1="0" ind2="0">
   <subfield code="a">LG 995 2019 E3</subfield>
   <subfield code="b">E87</subfield>
  </datafield>
  <datafield tag="100" ind1="1" ind2=" ">
   <subfield code="a">Espina, Leanne S.</subfield>
   <subfield code="e">author.</subfield>
  </datafield>
  <datafield tag="245" ind1="1" ind2="0">
   <subfield code="a">Role conflict, academic performance, and support needs of collegiate student-athletes</subfield>
   <subfield code="c">Leanne S. Espina ; thesis adviser, Lizamarie C. Olegario ; thesis reader, Gilda L. Uy ; Irene C. Oael, panel member.</subfield>
  </datafield>
  <datafield tag="264" ind1=" " ind2="1">
   <subfield code="a">Quezon City</subfield>
   <subfield code="b">College of Education, University of the Philippines Diliman</subfield>
   <subfield code="c">2019.</subfield>
  </datafield>
  <datafield tag="300" ind1=" " ind2=" ">
   <subfield code="a">vii, 114 leaves</subfield>
   <subfield code="b">illustration</subfield>
   <subfield code="c">28 cm.</subfield>
  </datafield>
  <datafield tag="336" ind1=" " ind2=" ">
   <subfield code="a">text</subfield>
   <subfield code="2">rdacontent</subfield>
  </datafield>
  <datafield tag="337" ind1=" " ind2=" ">
   <subfield code="a">unmediated</subfield>
   <subfield code="2">rdamedia</subfield>
  </datafield>
  <datafield tag="338" ind1=" " ind2=" ">
   <subfield code="a">volume</subfield>
   <subfield code="2">rdacarrier</subfield>
  </datafield>
  <datafield tag="502" ind1=" " ind2=" ">
   <subfield code="a">Thesis (Master of Arts in Education - Educational Foundations)--University of the Philippines, Diliman</subfield>
   <subfield code="d">May 2019.</subfield>
  </datafield>
  <datafield tag="504" ind1=" " ind2=" ">
   <subfield code="a">Includes bibliographical references (pages 98-109).</subfield>
  </datafield>
  <datafield tag="520" ind1="0" ind2=" ">
   <subfield code="a">The study examined the relationship between perceived role conflict and academic performance among collegiate student-athletes. Specifically, the study explored the experiences of student-athletes with perceived role conflict and how they managed balancing being a student and an athlete to be able to suggest appropriate support programs that they would benefit from. A multi-method research design with both a quantitative and qualitative phase was administered to one hundred forty one (141) student-athletes of a state university in Quezon City. The participants answered the Student Athlete Questionnaire Part 2 (SAQP2) to identify their perceived role conflict score and a copy of their grades for the whole school year of 2017-2018 was prepared to compute their general weighted average for the school year. Seven student-athletes from the sample underwent a semi-structured interview to learn about their experiences as student-athletes. The Pearson-r correlation for perceived role conflict and grade weighted average showed that there was a weak positive correlation between the two. However, independent t-tests showed no significant difference on both perceived role conflict score and gender, and grade weighted average and gender. The semi-structured interviewed revealed that most student-athletes identify themselves as athletes because of the amount of time they invest on the role. Despite wanting to focus on their student role, student-athletes noted that they lacked the time and energy to do so. They also admitted to facing multiple pressures in the university that made them want to excel in both roles. The student-athletes identified the need for academic programs such as tutorial services, buddy systems and faculty advisors to guide them throughout the school year. Apart from this, they also felt that there was a need for a psychological program for all varsity teams.</subfield>
  </datafield>
  <datafield tag="650" ind1="0" ind2="0">
   <subfield code="a">Role conflict.</subfield>
  </datafield>
  <datafield tag="650" ind1="0" ind2="0">
   <subfield code="a">College athletes</subfield>
   <subfield code="x">Education</subfield>
   <subfield code="z">Philippines</subfield>
   <subfield code="z">Quezon City.</subfield>
  </datafield>
  <datafield tag="650" ind1="0" ind2="0">
   <subfield code="a">Academic achievement</subfield>
   <subfield code="z">Philippines</subfield>
   <subfield code="z">Quezon City.</subfield>
  </datafield>
  <datafield tag="650" ind1="0" ind2="0">
   <subfield code="a">College sports</subfield>
   <subfield code="x">Social aspects</subfield>
   <subfield code="z">Philippines</subfield>
   <subfield code="z">Quezon City.</subfield>
  </datafield>
  <datafield tag="653" ind1="0" ind2="0">
   <subfield code="a">Student Athlete Questionnaire.</subfield>
  </datafield>
  <datafield tag="700" ind1="1" ind2=" ">
   <subfield code="a">Olegario, Lizamarie Campoamor</subfield>
   <subfield code="e">thesis adviser.</subfield>
  </datafield>
  <datafield tag="700" ind1="1" ind2=" ">
   <subfield code="a">Uy, Gilda L.</subfield>
   <subfield code="e">thesis reader.</subfield>
  </datafield>
  <datafield tag="700" ind1="1" ind2=" ">
   <subfield code="a">Oael, Irene C.</subfield>
   <subfield code="e">panel member.</subfield>
  </datafield>
  <datafield tag="842" ind1=" " ind2=" ">
   <subfield code="a">Thesis</subfield>
  </datafield>
  <datafield tag="905" ind1=" " ind2=" ">
   <subfield code="a">FI</subfield>
  </datafield>
  <datafield tag="905" ind1=" " ind2=" ">
   <subfield code="a">UP</subfield>
  </datafield>
  <datafield tag="852" ind1="0" ind2=" ">
   <subfield code="a">UPD</subfield>
   <subfield code="b">DEDUC</subfield>
   <subfield code="h">LG 995 2019 E3</subfield>
   <subfield code="i">E77</subfield>
  </datafield>
  <datafield tag="942" ind1=" " ind2=" ">
   <subfield code="a">Thesis</subfield>
  </datafield>
 </record>
</collection>
